000 00418nam a2200157Ia 4500
008 100122s9999 xx 000 0 und d
082 _b41800
_a823
100 _aथोरे अशोक
245 _aविध्वंस
250 _a0
260 _bश्रध्दा प्रकाशन
_c1988
300 _a188
630 _aविध्वंस
730 _aविध्वंस
942 _cBOOK
999 _c422343
_d422340